000 01718nam0a22003491 4500
001 v19\rc\1629947
005 20250619045745.0
035 _a(NLR Aleph) 004832485
090 _a4736692
_c4736692
100 _a20061002e18991899|||y0rusy50 ca
101 0 _arus
102 _aRU
105 _ay z |||||
200 1 _aПо поводу статьи "К оценке нового способа гастроэнтеростомии по Подрезу" ч. пр. П.С. Федорова
_f[Проф. А.И.[!Г.] Подрез]
210 _a[Санкт-Петербург]
_cтип. Я. Трей
_dценз. 1899
215 _a7 с.
_d21
300 _aАвт. указан в конце текста
309 _aБез тит. л. и обл.
311 _aОтт. из "Врача". № 25, 1899
488 0 _12001#$aВрач$v1899, № 25
_tВрач
532 1 3 _aПо поводу статьи К оценке нового способа гастроэнтеростомии по Подрезу ч. пр. П.С. Федорова
604 _150010$aК оценке нового способа гастроэнтеростомии по Подрезу
_1700#1$aФедоров$bП.С.
_tК оценке нового способа гастроэнтеростомии по Подрезу
_aФедоров, П.С.
700 1 _aПодрез
_bА.Г.
_f1852-1900
_gАполлинарий Григорьевич
702 1 _9z01790
_aПодрез
_bА.
_gА.И.[!]
_4570
790 1 _9z01702
_aПодрез
_bА.
_gА.И.[!Г.]
801 0 _aRU
_bNLR
_gpsbo
801 0 _aRU
_bRuMoRGB
_2psbo
801 1 _aRU
_bProSoft-M
_2rusmarc
852 _aNLR
_j20.57.1.55
899 _aRuMoRGB
_jG 149/1173
942 _cBOOK
980 _aNB